[Event "Druga liga CS - Zapad 2018"]
[Site "?"]
[Date "2018.10.06"]
[Round "9.1"]
[White "Stojanovic, Marko"]
[Black "Danilovic, Aleksandar"]
[Result "1-0"]
[WhiteElo "2263"]
[BlackElo "2403"]
[PlyCount "153"]
[EventDate "2018.09.07"]
[WhiteTeam "SLOGA - Lipnicki sor"]
[BlackTeam "IVANJICA- Ivanjica"]

1. Nc3 e5 2. e4 Nc6 3. Nf3 g6 4. d4 exd4 5. Nxd4 Bg7 6. Be3 Nf6 7. Nxc6 bxc6 8.
Bc4 O-O 9. O-O Re8 10. Bg5 h6 11. Bh4 g5 12. Bg3 d6 13. Qd3 Ng4 14. f4 gxf4 15.
Bxf4 Be6 16. Bxe6 Rxe6 17. Qf3 Nf6 18. Rae1 Qe7 19. Bg3 Nd7 20. Nd1 Rf6 21. Qh5
Rxf1+ 22. Rxf1 Nf6 23. Qh4 Re8 24. e5 dxe5 25. Qa4 e4 26. Qxc6 e3 27. Re1 e2
28. Nc3 Qe3+ 29. Bf2 Qd2 30. Qf3 Qxc2 31. Rxe2 Qc1+ 32. Be1 Rxe2 33. Qxe2 Qg5
34. Qd2 Qf5 35. Qf2 Qe6 36. Qe2 Qc8 37. h3 c6 38. Qe3 Nd7 39. Bf2 Ne5 40. Qe4
Qd7 41. Bg3 Nd3 42. Qe2 a6 43. Kh2 f5 44. Qd2 c5 45. Ne2 c4 46. b3 Qd5 47. bxc4
Qxc4 48. Nf4 Nxf4 49. Bxf4 a5 50. Qd8+ Kh7 51. Qc7 Qe4 52. Kg3 a4 53. Kh2 h5
54. Kg3 Kg6 55. Qb8 h4+ 56. Kh2 Qe6 57. a3 Qe4 58. Qd6+ Kh7 59. Qc7 Kg6 60.
Qd6+ Bf6 61. Qb8 Kg7 62. Bd6 Qd5 63. Qc7+ Kg6 64. Qb8 Qe6 65. Bf4 Be7 66. Qe8+
Kh7 67. Qxa4 Qe4 68. Qxe4 fxe4 69. a4 Bb4 70. Kg1 Kg6 71. Kf2 Kf5 72. Be3 Ba5
73. Bc5 Bd8 74. Bb4 Bb6+ 75. Ke2 Ke6 76. a5 Ba7 77. Be1 1-0

[Event "Druga liga CS - Zapad 2018"]
[Site "?"]
[Date "2018.10.06"]
[Round "9.1"]
[White "Vuckovic, Branko"]
[Black "Bircakovic, Mile"]
[Result "1-0"]
[WhiteElo "2245"]
[BlackElo "2214"]
[PlyCount "223"]
[EventDate "2018.09.07"]
[WhiteTeam "IVANJICA- Ivanjica"]
[BlackTeam "SLOGA - Lipnicki sor"]

1. e4 e5 2. Nf3 Nc6 3. Bc4 Bc5 4. c3 Nf6 5. d4 Bb6 6. dxe5 Ng4 7. Bg5 Bxf2+ 8.
Ke2 f6 9. Qd5 Qe7 10. exf6 gxf6 11. Bf4 Bb6 12. Nbd2 d6 13. Qh5+ Kd8 14. Rhf1
Nge5 15. Nxe5 Nxe5 16. Bxe5 Qxe5 17. Qh4 Qg5 18. Qxg5 fxg5 19. Rf7 Bg4+ 20. Kd3
Bh5 21. Rg7 Bg6 22. Rf1 Ke8 23. Be6 Rd8 24. Nc4 d5 25. Ne5 dxe4+ 26. Ke2 Rd6
27. Bf7+ Kf8 28. Rxg6 hxg6 29. Nxg6+ Rxg6 30. Bxg6+ Kg7 31. Bxe4 Rxh2 32. Bxb7
Rh6 33. a4 a5 34. Kd3 Rf6 35. Re1 Rf4 36. Re6 Rxa4 37. Be4 Kf7 38. Re5 Kf6 39.
Rf5+ Ke6 40. Rxg5 Ra1 41. g4 Re1 42. Bd5+ Kf6 43. Rg8 Rg1 44. Kc4 Ke5 45. Re8+
Kf4 46. Be6 a4 47. Rf8+ Ke5 48. Bd7 Rg2 49. Re8+ Kf6 50. g5+ Rxg5 51. Bxa4 Re5
52. Rh8 Ke7 53. b4 Rg5 54. Rh7+ Kd6 55. Rh6+ Ke7 56. Bc6 Rg3 57. Bd5 Kd7 58.
Bc6+ Ke7 59. Bd5 Kd7 60. Rf6 Ke7 61. Re6+ Kd7 62. Re4 Kd6 63. Bb7 Kd7 64. Rh4
Kd6 65. Bc8 Re3 66. Rh6+ Ke7 67. Bf5 Rf3 68. Be4 Re3 69. Bh1 Rg3 70. Rc6 Kd7
71. Rf6 Ke7 72. Rf4 Kd6 73. Bf3 Be3 74. Rf7 Bb6 75. Kd3 Ke6 76. Rf4 c5 77. b5
Bc7 78. Re4+ Kf5 79. Ke2 Be5 80. Rc4 Bd6 81. b6 Rg8 82. b7 Ke6 83. Kd3 Kd7 84.
Rh4 Kc7 85. Kc4 Kb6 86. Rh6 Kc7 87. Kb5 Rd8 88. c4 Kb8 89. Rh7 Bf8 90. Bd5 Bd6
91. Rh1 Kc7 92. Ra1 Be5 93. Ra6 Rd6 94. Ra8 Rd8 95. Kxc5 Bd6+ 96. Kb5 Be5 97.
Ra6 Rd6 98. Ra8 Rd8 99. Ra2 Rd6 100. Re2 Rb6+ 101. Kc5 Bd6+ 102. Kd4 Rb4 103.
Rg2 Bf4 104. Rg7+ Kd6 105. Rg6+ Ke7 106. Kc5 Rb2 107. Rg7+ Kd8 108. Kc6 Be5
109. Rg8+ Ke7 110. c5 Rb4 111. Rc8 Rb2 112. Bc4 1-0

[Event "Druga liga CS - Zapad 2018"]
[Site "?"]
[Date "2018.10.06"]
[Round "9.1"]
[White "Ilic, Zdravko"]
[Black "Bugarcic, Ivan"]
[Result "1/2-1/2"]
[WhiteElo "2163"]
[BlackElo "2184"]
[PlyCount "30"]
[EventDate "2018.09.07"]
[WhiteTeam "SLOGA - Lipnicki sor"]
[BlackTeam "IVANJICA- Ivanjica"]

1. e4 g6 2. Nf3 Bg7 3. d4 d6 4. Be2 Nf6 5. Nc3 O-O 6. O-O c6 7. Bf4 Nh5 8. Be3
e5 9. dxe5 dxe5 10. Qxd8 Rxd8 11. Rfd1 Re8 12. Bc4 Nf4 13. Ng5 Be6 14. Bxe6
fxe6 15. Rd2 Bf6 1/2-1/2

[Event "Druga liga CS - Zapad 2018"]
[Site "?"]
[Date "2018.10.06"]
[Round "9.1"]
[White "Naskovic, Filip"]
[Black "Savic, Petar A"]
[Result "1/2-1/2"]
[WhiteElo "2197"]
[BlackElo "2104"]
[PlyCount "33"]
[EventDate "2018.09.07"]
[WhiteTeam "IVANJICA- Ivanjica"]
[BlackTeam "SLOGA - Lipnicki sor"]

1. e4 d6 2. d4 Nf6 3. Bd3 Nbd7 4. Ne2 e5 5. d5 Be7 6. O-O O-O 7. f3 c6 8. c4
cxd5 9. cxd5 Nc5 10. Bc2 a6 11. Nbc3 b5 12. Be3 b4 13. Na4 Bb7 14. Rf2 Rc8 15.
Ng3 g6 16. Qd2 Nfd7 17. Bh6 1/2-1/2

[Event "Druga liga CS - Zapad 2018"]
[Site "?"]
[Date "2018.10.06"]
[Round "9.1"]
[White "Rikalovic, Milan"]
[Black "Gavrilovic, Vladan"]
[Result "1-0"]
[WhiteElo "2047"]
[BlackElo "2174"]
[PlyCount "67"]
[EventDate "2018.09.07"]
[WhiteTeam "SLOGA - Lipnicki sor"]
[BlackTeam "IVANJICA- Ivanjica"]

1. e4 d5 2. e5 d4 3. f4 c5 4. Nf3 Bf5 5. Bb5+ Nc6 6. Bxc6+ bxc6 7. d3 e6 8.
Nbd2 Ne7 9. O-O Nd5 10. Nc4 Be7 11. Bd2 O-O 12. h3 h5 13. a4 Nb6 14. Na5 Qd7
15. b3 Rab8 16. Qe2 Rfc8 17. Ng5 Bxg5 18. fxg5 Bg6 19. Rf2 Kf8 20. Raf1 Ke8 21.
Rf4 Kd8 22. Qf3 Kc7 23. Rxf7 Bxf7 24. Qxf7 Rf8 25. Qxf8 Rxf8 26. Rxf8 Qe7 27.
Rb8 Nd7 28. Rb7+ Kc8 29. Nxc6 Qe8 30. Rxa7 Nb6 31. Na5 g6 32. Rb7 c4 33. Rxb6
c3 34. Be1 1-0

[Event "Druga liga CS - Zapad 2018"]
[Site "?"]
[Date "2018.10.06"]
[Round "9.1"]
[White "Milikic, Milorad"]
[Black "Acimovic, Radivoje"]
[Result "1/2-1/2"]
[WhiteElo "2015"]
[BlackElo "1985"]
[PlyCount "72"]
[EventDate "2018.09.07"]
[WhiteTeam "IVANJICA- Ivanjica"]
[BlackTeam "SLOGA - Lipnicki sor"]

1. e4 c5 2. Nc3 d6 3. Nf3 Nf6 4. d4 cxd4 5. Nxd4 e6 6. Bd3 Be7 7. O-O a6 8. Be3
b5 9. h3 Bb7 10. a3 Qc7 11. f4 Nbd7 12. Nde2 Nc5 13. Ng3 Rd8 14. Qe2 d5 15.
exd5 exd5 16. Nf5 O-O 17. Nxe7+ Qxe7 18. Qf2 Nxd3 19. cxd3 Rfe8 20. Bd4 Qd6 21.
Rae1 Rxe1 22. Rxe1 Ne8 23. Qe3 f6 24. Bc5 Qd7 25. d4 Nc7 26. Qe7 Bc6 27. Qxd7
Rxd7 28. Bb6 Kf7 29. f5 g6 30. Bxc7 Rxc7 31. fxg6+ hxg6 32. Kf2 a5 33. Rc1 Bb7
34. Ne2 Rxc1 35. Nxc1 g5 36. b3 a4 1/2-1/2

[Event "Druga liga CS - Zapad 2018"]
[Site "?"]
[Date "2018.10.06"]
[Round "9.1"]
[White "Markovic, Dejan Z"]
[Black "Miletic, Vojin"]
[Result "1/2-1/2"]
[WhiteElo "1768"]
[BlackElo "1584"]
[PlyCount "21"]
[EventDate "2018.09.07"]
[WhiteTeam "SLOGA - Lipnicki sor"]
[BlackTeam "IVANJICA- Ivanjica"]

1. d4 d5 2. c4 e6 3. Nf3 Nf6 4. Nc3 Nbd7 5. e3 Be7 6. cxd5 exd5 7. Bd3 O-O 8.
Bd2 c5 9. a4 Re8 10. O-O a6 11. a5 1/2-1/2

[Event "Druga liga CS - Zapad 2018"]
[Site "?"]
[Date "2018.10.06"]
[Round "9.2"]
[White "Pikula, Dejan"]
[Black "Burovic, Ismet"]
[Result "1-0"]
[WhiteElo "2469"]
[BlackElo "2332"]
[PlyCount "81"]
[EventDate "2018.09.07"]
[WhiteTeam "ARANDJELOVACKI SK - Arandjelovac"]
[BlackTeam "TUTIN - Tutin"]

1. d4 Nf6 2. Bf4 c5 3. e3 cxd4 4. exd4 d5 5. c3 Nc6 6. Nd2 Bg4 7. Qb3 Qc8 8.
Ngf3 Bxf3 9. Nxf3 e6 10. Bd3 Be7 11. O-O O-O 12. Rae1 Nh5 13. Bc1 Bd6 14. g3
Qc7 15. Qd1 Nf6 16. Bb1 Rfe8 17. Re2 b5 18. Bg5 Rab8 19. Qd3 Ne4 20. Bc1 f5 21.
Nd2 Qf7 22. f3 Nf6 23. g4 g6 24. Rg2 f4 25. a4 b4 26. Ba2 Na5 27. Re2 b3 28.
Bb1 Qc7 29. Rfe1 Kf7 30. h4 Qc6 31. h5 g5 32. Re5 Bxe5 33. dxe5 Rb7 34. exf6
Kxf6 35. Qd4+ e5 36. Qd3 Qe6 37. Kg2 Rc8 38. Qe2 Rcc7 39. Bf5 Qd6 40. Qd3 Qc5
41. Bxh7 1-0

[Event "Druga liga CS - Zapad 2018"]
[Site "?"]
[Date "2018.10.06"]
[Round "9.2"]
[White "Suljovic, Sulejman"]
[Black "Tomic, Aleksandar"]
[Result "1/2-1/2"]
[WhiteElo "2236"]
[BlackElo "2293"]
[PlyCount "111"]
[EventDate "2018.09.07"]
[WhiteTeam "TUTIN - Tutin"]
[BlackTeam "ARANDJELOVACKI SK - Arandjelovac"]

1. e4 c5 2. Nc3 a6 3. g3 b5 4. Bg2 Bb7 5. d3 e6 6. Nge2 b4 7. Na4 d6 8. Be3 Nf6
9. h3 Nbd7 10. f4 Qc7 11. O-O Bc6 12. b3 h5 13. Nb2 g6 14. a4 Bg7 15. Rb1 O-O
16. Qd2 d5 17. e5 d4 18. Bf2 Nd5 19. Nc4 Bh6 20. Qe1 f6 21. exf6 Rxf6 22. Nd2
e5 23. Ne4 Rff8 24. fxe5 Qxe5 25. Nf4 Nxf4 26. gxf4 Bxf4 27. Ng3 Bxg2 28. Qxe5
Bxe5 29. Kxg2 Nf6 30. Rbe1 Rae8 31. Ne4 Nd5 32. h4 Nf4+ 33. Kh1 Ne6 34. Kg2 Kg7
35. Bg3 Bxg3 36. Kxg3 Re7 37. Nxc5 Rxf1 38. Nxe6+ Kh6 39. Rxf1 Rxe6 40. Rf4 Rd6
41. Re4 a5 42. Re5 Rc6 43. Rxa5 Rxc2 44. Rb5 Rc3 45. Rxb4 Rxd3+ 46. Kf4 Rh3 47.
a5 d3 48. Rb8 d2 49. Rh8+ Kg7 50. Rd8 Rxh4+ 51. Ke5 Rb4 52. Rxd2 Rxb3 53. Ra2
Rb7 54. a6 Ra7 55. Ra5 Kh6 56. Kf4 1/2-1/2

[Event "Druga liga CS - Zapad 2018"]
[Site "?"]
[Date "2018.10.06"]
[Round "9.2"]
[White "Smailovic, Ramiz"]
[Black "Vojinovic, Luka"]
[Result "0-1"]
[WhiteElo "2144"]
[BlackElo "2205"]
[PlyCount "68"]
[EventDate "2018.09.07"]
[WhiteTeam "TUTIN - Tutin"]
[BlackTeam "ARANDJELOVACKI SK - Arandjelovac"]

1. d4 d5 2. Nf3 Nf6 3. c4 c6 4. Nc3 dxc4 5. e3 b5 6. g3 Bb7 7. Bg2 Nbd7 8. O-O
e6 9. Qc2 Be7 10. a3 a6 11. Ne5 Qc7 12. Nxd7 Nxd7 13. e4 O-O 14. Be3 c5 15. d5
exd5 16. exd5 Bf6 17. d6 Qb6 18. Bxb7 Qxb7 19. Qf5 Rae8 20. Rad1 Bxc3 21. bxc3
Ne5 22. f4 Nd3 23. Rxd3 cxd3 24. Qxd3 Qc6 25. f5 f6 26. Bf4 c4 27. Qd4 Re2 28.
Rf2 Re1+ 29. Rf1 Rfe8 30. Qf2 Rxf1+ 31. Qxf1 Qc5+ 32. Kg2 Qd5+ 33. Kg1 Qxf5 34.
Qf3 Qd3 0-1

[Event "Druga liga CS - Zapad 2018"]
[Site "?"]
[Date "2018.10.06"]
[Round "9.2"]
[White "Vlajkovic, Stanko"]
[Black "Jovic, Branko"]
[Result "1-0"]
[WhiteElo "2224"]
[BlackElo "2031"]
[PlyCount "85"]
[EventDate "2018.09.07"]
[WhiteTeam "ARANDJELOVACKI SK - Arandjelovac"]
[BlackTeam "TUTIN - Tutin"]

1. Nf3 Nf6 2. d4 e6 3. g3 b6 4. Bg2 Bb7 5. O-O Be7 6. c4 O-O 7. Nc3 Ne4 8. Qc2
Nxc3 9. bxc3 f5 10. d5 Na6 11. Rd1 Qc8 12. e4 Nc5 13. exf5 exf5 14. Nd4 g6 15.
Bh6 Rf7 16. h4 Bf8 17. Bf4 Bg7 18. h5 a6 19. Re1 Bf6 20. hxg6 hxg6 21. g4 d6
22. Ne6 Nxe6 23. Rxe6 g5 24. Bd2 Qf8 25. Rae1 Qg7 26. Qxf5 Raf8 27. Qd3 Bc8 28.
R6e4 Be5 29. R1e2 Qh6 30. Qh3 Qg6 31. Rxe5 dxe5 32. Rxe5 Qb1+ 33. Kh2 Rg7 34.
d6 Rxf2 35. Re8+ Kf7 36. Qh5+ Qg6 37. Qxg6+ Kxg6 38. Be1 Rxg2+ 39. Kxg2 Bxg4
40. Rb8 Kh5 41. Bg3 Be2 42. Rb7 Bxc4 43. dxc7 1-0

[Event "Druga liga CS - Zapad 2018"]
[Site "?"]
[Date "2018.10.06"]
[Round "9.2"]
[White "Semsovic, Alija"]
[Black "Lekic, Miodrag"]
[Result "0-1"]
[WhiteElo "2063"]
[BlackElo "2208"]
[PlyCount "32"]
[EventDate "2018.09.07"]
[WhiteTeam "TUTIN - Tutin"]
[BlackTeam "ARANDJELOVACKI SK - Arandjelovac"]

1. e4 d5 2. d4 Nf6 3. Bd3 g6 4. Ne2 e5 5. c3 Bg7 6. O-O O-O 7. Bg5 h6 8. Bh4
Nc6 9. Nd2 g5 10. Bg3 Nh5 11. Nb3 Nf4 12. Bxf4 gxf4 13. f3 Kh8 14. g3 Bh3 15.
Re1 Rg8 16. Kf2 h5 0-1

[Event "Druga liga CS - Zapad 2018"]
[Site "?"]
[Date "2018.10.06"]
[Round "9.2"]
[White "Ivanovic, Lazar"]
[Black "Dzaferovic, Dzafer"]
[Result "1-0"]
[WhiteElo "2076"]
[BlackElo "1883"]
[PlyCount "95"]
[EventDate "2018.09.07"]
[WhiteTeam "ARANDJELOVACKI SK - Arandjelovac"]
[BlackTeam "TUTIN - Tutin"]

1. d4 d5 2. Nf3 Nf6 3. c4 c6 4. Nc3 e6 5. cxd5 exd5 6. Bg5 Be7 7. Qc2 Be6 8. e3
Nbd7 9. Bd3 h6 10. Bh4 Nh5 11. Bxe7 Qxe7 12. O-O O-O 13. b4 Nhf6 14. a4 Rac8
15. Qb2 Rfd8 16. Rfc1 Qd6 17. h3 Nf8 18. Ne5 N6d7 19. Ne2 f6 20. Nf3 g6 21. Nf4
Bf7 22. Bb1 g5 23. Nd3 Nb6 24. Nd2 Rc7 25. Nc5 Nbd7 26. Ndb3 b6 27. Nxd7 Qxd7
28. Bd3 Bg6 29. Be2 Qe7 30. b5 cxb5 31. Rxc7 Qxc7 32. axb5 Qc2 33. Qxc2 Bxc2
34. Nd2 Rd7 35. Rc1 Bf5 36. f3 Ne6 37. Rc6 Kf7 38. Kf2 Ke7 39. Nb3 Rc7 40. Rc1
Rxc1 41. Nxc1 Nc7 42. Na2 Be6 43. Nc3 Bd7 44. e4 dxe4 45. fxe4 Bc8 46. Ke3 a6
47. bxa6 Nxa6 48. Nd5+ 1-0

[Event "Druga liga CS - Zapad 2018"]
[Site "?"]
[Date "2018.10.06"]
[Round "9.2"]
[White "Muminovic, Edin"]
[Black "Lojovic, Matija"]
[Result "0-1"]
[WhiteElo "1774"]
[BlackElo "2129"]
[PlyCount "85"]
[EventDate "2018.09.07"]
[WhiteTeam "TUTIN - Tutin"]
[BlackTeam "ARANDJELOVACKI SK - Arandjelovac"]

1. Nf3 d5 2. d4 Nf6 3. c4 e6 4. Bg5 Be7 5. cxd5 exd5 6. h3 c6 7. e3 Bf5 8. Nc3
Qa5 9. Qb3 Nbd7 10. Be2 O-O 11. O-O Rfe8 12. Rac1 Qb6 13. Qxb6 axb6 14. a3 b5
15. Rfd1 h6 16. Bh4 Bd6 17. Bxf6 Nxf6 18. Nd2 Nd7 19. Ra1 Nb6 20. Ra2 Na4 21.
Nxa4 Rxa4 22. g4 Bg6 23. Rda1 Rea8 24. Bd1 R4a7 25. Bb3 Bd3 26. Kg2 Bc4 27.
Nxc4 dxc4 28. Bd1 b4 29. Rc1 b5 30. Bf3 Rc8 31. Raa1 bxa3 32. bxa3 Rxa3 33.
Rxa3 Bxa3 34. Rc2 Kf8 35. Kf1 Ke7 36. Ke2 Kd6 37. Be4 c5 38. dxc5+ Kxc5 39. f4
Kb4 40. g5 hxg5 41. fxg5 Rh8 42. g6 fxg6 43. Bxg6 0-1

[Event "Druga liga CS - Zapad 2018"]
[Site "?"]
[Date "2018.10.06"]
[Round "9.3"]
[White "Markovic, Dragan P"]
[Black "Kijanovic, Igor"]
[Result "1-0"]
[WhiteElo "2206"]
[BlackElo "2118"]
[PlyCount "88"]
[EventDate "2018.09.07"]
[WhiteTeam "LOZNICA GRAD - Loznica"]
[BlackTeam "PRIKO- Prijepolje"]

1. e4 c5 2. c3 Nf6 3. e5 Nd5 4. d4 cxd4 5. Nf3 Nc6 6. Bc4 Nb6 7. Bb3 d6 8. exd6
Qxd6 9. O-O e6 10. cxd4 Na5 11. Bc2 Bd7 12. Nc3 Bc6 13. Ne5 Nac4 14. Nxc6 bxc6
15. Qf3 Nd5 16. Nxd5 cxd5 17. Ba4+ Ke7 18. Bf4 Qa6 19. b3 Nb2 20. Rac1 Nxa4 21.
bxa4 Ke8 22. Rc7 Be7 23. Rfc1 Rd8 24. Qb3 g5 25. Bg3 Kf8 26. Rb7 Bd6 27. Bxd6+
Qxd6 28. Rcc7 Qf4 29. Qf3 Qxf3 30. gxf3 Kg7 31. Rxf7+ Kg6 32. Rg7+ Kh6 33. Rge7
Rde8 34. a5 Kg6 35. Rg7+ Kh6 36. Rxa7 e5 37. dxe5 Rxe5 38. Rgd7 Kg6 39. Rg7+
Kf6 40. a3 h5 41. Raf7+ Ke6 42. Rb7 Kf6 43. a6 Ra8 44. Kg2 Rd8 1-0

[Event "Druga liga CS - Zapad 2018"]
[Site "?"]
[Date "2018.10.06"]
[Round "9.3"]
[White "Brajovic, Miroljub"]
[Black "Milovanovic, Nenad"]
[Result "1/2-1/2"]
[WhiteElo "2111"]
[BlackElo "2147"]
[PlyCount "20"]
[EventDate "2018.09.07"]
[WhiteTeam "PRIKO- Prijepolje"]
[BlackTeam "LOZNICA GRAD - Loznica"]

1. e4 c5 2. Nf3 d6 3. d4 cxd4 4. Nxd4 Nf6 5. Nc3 g6 6. Be3 Bg7 7. f3 O-O 8. Qd2
Nc6 9. Bc4 Bd7 10. h4 Rc8 1/2-1/2

[Event "Druga liga CS - Zapad 2018"]
[Site "?"]
[Date "2018.10.06"]
[Round "9.3"]
[White "Osatovic, Milos"]
[Black "Djokic, Mihailo"]
[Result "1/2-1/2"]
[WhiteElo "2115"]
[BlackElo "2127"]
[PlyCount "43"]
[EventDate "2018.09.07"]
[WhiteTeam "LOZNICA GRAD - Loznica"]
[BlackTeam "PRIKO- Prijepolje"]

1. d4 Nf6 2. Nf3 g6 3. g3 Bg7 4. Bg2 O-O 5. O-O d6 6. b3 c6 7. Bb2 Nbd7 8. Re1
Ne4 9. Nfd2 Nxd2 10. Qxd2 d5 11. c4 dxc4 12. bxc4 Nb6 13. Na3 Na4 14. Rad1 Nxb2
15. Qxb2 Qa5 16. Nc2 Rd8 17. e4 c5 18. e5 cxd4 19. Rxd4 Bf5 20. Rxd8+ Rxd8 21.
Qb4 Qxb4 22. Nxb4 1/2-1/2

[Event "Druga liga CS - Zapad 2018"]
[Site "?"]
[Date "2018.10.06"]
[Round "9.3"]
[White "Musovic, Sabrija"]
[Black "Osatovic, Aleksandar"]
[Result "0-1"]
[WhiteElo "2005"]
[BlackElo "2169"]
[PlyCount "70"]
[EventDate "2018.09.07"]
[WhiteTeam "PRIKO- Prijepolje"]
[BlackTeam "LOZNICA GRAD - Loznica"]

1. e4 e5 2. Nf3 Nc6 3. Bb5 a6 4. Ba4 Nf6 5. d3 b5 6. Bb3 Be7 7. O-O O-O 8. c3
d5 9. exd5 Nxd5 10. Re1 Bf6 11. a4 b4 12. Be3 Bg4 13. h3 Bh5 14. g4 Bg6 15. Qd2
Re8 16. Bc2 h6 17. a5 Rb8 18. Ba4 Qd6 19. g5 hxg5 20. Nxg5 Nxe3 21. Qxe3 Bxg5
22. Qxg5 Bxd3 23. Re3 Re6 24. Rg3 Rg6 25. Qe3 Nxa5 26. Nd2 bxc3 27. bxc3 Rb2
28. Nf1 Nc4 29. Qa7 Bxf1 30. Qa8+ Kh7 31. Rxf1 Rxg3+ 32. fxg3 Qg6 33. g4 Nb6
34. Qc6 Nxa4 35. Qxa4 Qb6+ 0-1

[Event "Druga liga CS - Zapad 2018"]
[Site "?"]
[Date "2018.10.06"]
[Round "9.4"]
[White "Dimitrijevic, Milorad"]
[Black "Jovicic, Radosav"]
[Result "1-0"]
[WhiteElo "2229"]
[BlackElo "2219"]
[PlyCount "32"]
[EventDate "2018.09.07"]
[WhiteTeam "BAJINA BASTA - Bajina basta"]
[BlackTeam "KRUSEVAC - Krusevac"]

1. e4 c5 2. Nf3 e6 3. c4 a6 4. d4 cxd4 5. Nxd4 Nf6 6. Bd3 Nc6 7. Nb3 d6 8. Nc3
Be7 9. Be3 O-O 10. O-O Nd7 11. Rc1 b6 12. Qc2 Bb7 13. Rfd1 Rc8 14. Nd4 Nce5 15.
b3 Ng4 16. Nf3 Nxe3 1-0

[Event "Druga liga CS - Zapad 2018"]
[Site "?"]
[Date "2018.10.06"]
[Round "9.4"]
[White "Djokic, Slavoljub"]
[Black "Kurcubic, Jelenko"]
[Result "1-0"]
[WhiteElo "2122"]
[BlackElo "2094"]
[PlyCount "58"]
[EventDate "2018.09.07"]
[WhiteTeam "KRUSEVAC - Krusevac"]
[BlackTeam "BAJINA BASTA - Bajina basta"]

1. c4 Nf6 2. Nc3 c6 3. Nf3 d5 4. cxd5 cxd5 5. d4 Nc6 6. g3 Bg4 7. Bg2 e6 8. O-O
Be7 9. Bg5 O-O 10. Bxf6 Bxf6 11. e3 Qd7 12. Rc1 Rfc8 13. Na4 h6 14. Nc3 Rc7 15.
Nb5 Rcc8 16. a3 a6 17. Nc3 h5 18. b4 Be7 19. Qb3 Rc7 20. Nd2 Bf5 21. Bf3 Bg6
22. Rfe1 Rac8 23. Ne2 Nb8 24. h4 f6 25. Nf1 Bf7 26. Nd2 e5 27. Rxc7 Rxc7 28.
Rc1 Rxc1+ 29. Nxc1 e4 1-0

[Event "Druga liga CS - Zapad 2018"]
[Site "?"]
[Date "2018.10.06"]
[Round "9.4"]
[White "Minic, Miroslav"]
[Black "Djordjevic, Gradimir"]
[Result "1-0"]
[WhiteElo "2078"]
[BlackElo "2003"]
[PlyCount "47"]
[EventDate "2018.09.07"]
[WhiteTeam "BAJINA BASTA - Bajina basta"]
[BlackTeam "KRUSEVAC - Krusevac"]

1. e4 d6 2. d4 Nf6 3. Nc3 e5 4. dxe5 dxe5 5. Qxd8+ Kxd8 6. f4 exf4 7. Nf3 h6 8.
Bxf4 Nbd7 9. Nb5 Ne8 10. Nbd4 Bd6 11. Ne6+ fxe6 12. e5 Bc5 13. O-O-O Rf8 14.
Bg3 Be3+ 15. Kb1 Ke7 16. Nh4 Rg8 17. Ng6+ Kf7 18. Rxd7+ Kxg6 19. Bd3+ Kh5 20.
Rf1 Bc5 21. Bc4 Rf8 22. Rxf8 Bxf8 23. Bxe6 g6 24. h3 1-0

[Event "Druga liga CS - Zapad 2018"]
[Site "?"]
[Date "2018.10.06"]
[Round "9.4"]
[White "Mijanovic, Dragan"]
[Black "Pribanovic, Milivoje"]
[Result "1-0"]
[WhiteElo "2040"]
[BlackElo "1871"]
[PlyCount "47"]
[EventDate "2018.09.07"]
[WhiteTeam "BAJINA BASTA - Bajina basta"]
[BlackTeam "KRUSEVAC - Krusevac"]

1. d4 Nf6 2. Nf3 e6 3. b3 d5 4. Bb2 Be7 5. e3 O-O 6. Nbd2 Nbd7 7. Ne5 c5 8. Be2
Qc7 9. c4 b6 10. Rc1 Nxe5 11. dxe5 Nd7 12. f4 f6 13. Bg4 Nb8 14. O-O f5 15. Bf3
Bb7 16. cxd5 exd5 17. Nb1 Na6 18. Bxd5+ Bxd5 19. Qxd5+ Kh8 20. Qc4 Qb7 21. Nc3
Rad8 22. Rcd1 Nc7 23. Rxd8 Rxd8 24. Qf7 1-0

[Event "Druga liga CS - Zapad 2018"]
[Site "?"]
[Date "2018.10.06"]
[Round "9.4"]
[White "Tosic, Dragoljub"]
[Black "Djordjevic, Edita"]
[Result "1/2-1/2"]
[WhiteElo "1834"]
[BlackElo "2030"]
[PlyCount "20"]
[EventDate "2018.09.07"]
[WhiteTeam "KRUSEVAC - Krusevac"]
[BlackTeam "BAJINA BASTA - Bajina basta"]

1. d4 d5 2. Nf3 e6 3. g3 Nf6 4. Bg2 c5 5. O-O Nc6 6. c4 dxc4 7. Qa4 Bd7 8. Qxc4
Nxd4 9. Nxd4 cxd4 10. Nd2 Rc8 1/2-1/2

[Event "Druga liga CS - Zapad 2018"]
[Site "?"]
[Date "2018.10.06"]
[Round "9.4"]
[White "Ilic, Milenko"]
[Black "Ristic, Dejan D"]
[Result "1/2-1/2"]
[WhiteElo "1839"]
[BlackElo "1803"]
[PlyCount "72"]
[EventDate "2018.09.07"]
[WhiteTeam "BAJINA BASTA - Bajina basta"]
[BlackTeam "KRUSEVAC - Krusevac"]

1. e4 e5 2. Nf3 Nf6 3. d4 exd4 4. e5 Ne4 5. Qxd4 d5 6. exd6 Nxd6 7. Be2 Be7 8.
O-O Bf6 9. Qe3+ Be6 10. Nd4 Qd7 11. Nxe6 Qxe6 12. Qxe6+ fxe6 13. c3 Nc6 14. Bf3
Ne5 15. Bd1 Nd3 16. Bb3 e5 17. Rd1 Nxc1 18. Rxc1 O-O-O 19. Na3 h5 20. Rd1 b5
21. Bd5 e4 22. Nc2 a5 23. Ne3 Rhe8 24. Rac1 Kd7 25. Bf7 Re5 26. a4 Ke7 27. Bb3
c6 28. axb5 Rxb5 29. Ba4 Rc5 30. b4 Rxc3 31. bxa5 Nb5 32. Rxc3 Nxc3 33. Rxd8
Kxd8 34. Bxc6 Kc7 35. Be8 h4 36. Nc4 Kb7 1/2-1/2

[Event "Druga liga CS - Zapad 2018"]
[Site "?"]
[Date "2018.10.06"]
[Round "9.4"]
[White "Ackovic, Nemanja"]
[Black "Lazovic, Luka"]
[Result "0-1"]
[WhiteElo "1706"]
[BlackElo "1754"]
[PlyCount "52"]
[EventDate "2018.09.07"]
[WhiteTeam "KRUSEVAC - Krusevac"]
[BlackTeam "BAJINA BASTA - Bajina basta"]

1. e4 c6 2. Nf3 d5 3. Nc3 dxe4 4. Nxe4 Nf6 5. Ng3 e6 6. d4 c5 7. Bg5 Nc6 8. Bb5
Qa5+ 9. Qd2 Qxb5 10. O-O-O cxd4 11. Nxd4 Nxd4 12. Bxf6 gxf6 13. Qxd4 Be7 14.
Rhe1 e5 15. Qe4 Be6 16. Nh5 Qc6 17. Qe3 Bg4 18. Ng7+ Kf8 19. Qh6 Kg8 20. Rd3 f5
21. Nxf5 Bxf5 22. Rg3+ Bg6 23. Re2 Qc4 24. Rxg6+ hxg6 25. Qe3 Bf6 26. b3 Qf4
0-1

[Event "Druga liga CS - Zapad 2018"]
[Site "?"]
[Date "2018.10.06"]
[Round "9.5"]
[White "Jovanovic, Bojan V"]
[Black "Boskovic, Drasko"]
[Result "1-0"]
[WhiteElo "2277"]
[BlackElo "2441"]
[PlyCount "96"]
[EventDate "2018.09.07"]
[WhiteTeam "SMEDEREVSKI SK - Smederevo"]
[BlackTeam "SLOBODA - Uzice"]

1. d4 Nf6 2. c4 c5 3. d5 e6 4. Nc3 exd5 5. cxd5 d6 6. Nf3 g6 7. Nd2 Nbd7 8. e4
a6 9. a4 Bg7 10. a5 O-O 11. Be2 Ne5 12. O-O g5 13. Nc4 Nxc4 14. Bxc4 Ng4 15.
Be2 Ne5 16. Be3 f5 17. exf5 Bxf5 18. Qd2 g4 19. Ra4 Qf6 20. Ne4 Qg6 21. Ng3 Bd7
22. Rf4 h5 23. Rxf8+ Rxf8 24. Bf4 Bb5 25. Bxe5 Bxe5 26. Bxb5 axb5 27. b3 h4 28.
Ne2 h3 29. Ng3 c4 30. bxc4 bxc4 31. gxh3 gxh3 32. f4 Qh6 33. Qc2 Rxf4 34. Rxf4
Qxf4 35. Qg6+ Kf8 36. Nf5 c3 37. Qe6 Qxh2+ 38. Kf1 Qg2+ 39. Ke1 Bg3+ 40. Nxg3
Qxg3+ 41. Kd1 h2 42. Qf6+ Kg8 43. Qe6+ Kg7 44. Qe7+ Kg6 45. Qe8+ Kg5 46. Qe7+
Kf4 47. Qxd6+ Kf3 48. Qf6+ Kg2 1-0

[Event "Druga liga CS - Zapad 2018"]
[Site "?"]
[Date "2018.10.06"]
[Round "9.5"]
[White "Misailovic, Nebojsa"]
[Black "Skakic, Zeljko"]
[Result "1-0"]
[WhiteElo "2362"]
[BlackElo "2249"]
[PlyCount "48"]
[EventDate "2018.09.07"]
[WhiteTeam "SLOBODA - Uzice"]
[BlackTeam "SMEDEREVSKI SK - Smederevo"]

1. e4 c6 2. d4 d5 3. e5 Bf5 4. Nf3 e6 5. Be2 c5 6. c4 cxd4 7. Nxd4 Bxb1 8. Rxb1
Bb4+ 9. Bd2 Bxd2+ 10. Qxd2 Nc6 11. Nxc6 bxc6 12. cxd5 exd5 13. O-O Ne7 14. f4
Qb6+ 15. Kh1 Nf5 16. Bd3 Ne3 17. Rf3 d4 18. Rh3 g6 19. f5 g5 20. Rh6 Qc5 21. e6
Qe5 22. Qe2 g4 23. exf7+ Kxf7 24. Re6 Qd5 1-0